1951 1755 1269 1371 1907 1501 1940 1562 1784 1145 2000 1052 1852 1040 1973 1931 1133 1033 1786 1310 1969 1060 1024 1610 1475 1830 1452 1882 1100 1774 1726 1997 1389 1261 1434 1867 1383 1310 1550 1216 1675 1500 1929 1429 1304 1101 1907 1889 1127 1470 1722 1963 1264 1513 1192 1840 1776 1994 1721 1734 1626 1055 1933 1828 1095 1621 1635 1923 1856 1714 1165 1916 1893 1646 1331 1639 1214 1490 1639 1207 1616 1551 1411 1150 1910 1315 1418 1016 1138 1925 1041 1427 1258 1403 1235 1631 1438 1102 1656 BCNSPRNW ULIB Ver.6.0+V

เปลี่ยนเป็นภาษาไทย

Change to English
 แสดงรายละเอียดบรรณานุกรม
  กลับหน้าหลัก

Brief Record : Get Marc (ISO 2709) : E-mail record : QR code < ปิดหน้าต่าง
LEADER : 00000nas 2200000uu 4500
001    13399124680
003     ULIB
008    020711s|||| th a 000 0 tha d
022    24653780
110    สำนักงานสาธารณสุขจังหวัดนครสวรรค์
245    วารสารสาธารณสุขนครสวรรค์/^cสำนักงานสาธารณสุขจังหวัดนครสวรรค์
260    นครสวรรค์ :^bสำนักงานสาธารณสุขจังหวัดนครสวรรค์,^cม.ป.ป.
310    ^aรายสี่เดือน
850 ^a ULIB^bปีที่ 1 ฉบับที่ 1 ฉ.1 ;ปีที่ 2 ฉบับที่ 2 ฉ.1 ;ปีที่ 2 ฉบับที่ 3 ฉ.1 ;ปีที่ 3 ฉบับที่ 1 ฉ.1 ;ปีที่ 3 ฉบับที่ 2 ฉ.1
945    ^p0^l0^i903434
945    ^p0^l0^i904198
945    ^p0^l0^i904369
945    ^p0^l0^i904490
945    ^p0^l0^i904765
รายการนี้ยังไม่มีแท็ก
คุณยังไม่ได้ล็อกอิน คุณสามารถมีกิจกรรมร่วมกับเว็บไซต์ได้ แต่ต้องล็อกอินก่อน ::
  ล็อกอิน

รายการสื่อสารสนเทศ (วารสาร)

ดูแบบ: กล่อง รายการ
ARRIVED
ปีที่ 1 ฉบับที่ 1 ฉ.1
สถานที่: ห้องสมุดวิทยาเขตสวรรค์ประชารักษ์ >วารสาร
ARRIVED
ปีที่ 2 ฉบับที่ 2 ฉ.1
สถานที่: ห้องสมุดวิทยาเขตสวรรค์ประชารักษ์ >หนังสือพิมพ์
ARRIVED
ปีที่ 2 ฉบับที่ 3 ฉ.1
สถานที่: ห้องสมุดวิทยาเขตสวรรค์ประชารักษ์ >หนังสือพิมพ์
ARRIVED
ปีที่ 3 ฉบับที่ 1 ฉ.1
สถานที่: ห้องสมุดวิทยาเขตสวรรค์ประชารักษ์ >หนังสือพิมพ์
ARRIVED
ปีที่ 3 ฉบับที่ 2 ฉ.1
สถานที่: ห้องสมุดวิทยาเขตสวรรค์ประชารักษ์ >วารสาร

BibComment


ยังไม่เคยถูกคอมเมนท์

คอมเมนท์ทรัพยากรรายการนี้
  คอมเมนท์: วารสารสาธารณสุขนค..


 Copyright 2026. Bcnsprnw @Library